000
00319nam a2200133Ia 4500
005
20251222143201.0
008
251222s9999||||xx |||||||||||||| ||spa||
020
_a
84-7030-419-4
082
_a
618.97/B88
100
_a
Buendía, José
245
0
_a
Gerontología y Salud:
264
_b
Biblioteca Nueva
942
_c
LIB
999
_c
13081
_d
13081